Once Upon A Deadpool Quiz (SPOILERS) - Statistics

General Stats
  • This quiz has been taken 18 times
  • The average score is 11 of 27
Answer Stats
Actor Role % Correct
Ryan Reynolds Wade Wilson/Deadpool
100%
Josh Brolin Cable
77%
Zazie Beetz Domino
62%
Morena Baccarin Vanessa
62%
Hugh Jackman Wolverine
62%
Stefan Kapicic Colossus
54%
Brianna Hildebrand Negasonic Teenage Warhead
54%
Nicholas Hoult Beast
46%
Rob Delaney Peter
46%
James McAvoy Professor X
46%
Evan Peters Quicksilver
46%
T.J. Miller Weasel
46%
Shioli Katsuna Yukio
46%
Tye Sheridan Cyclops
38%
Karan Soni Dopinder
38%
Ryan Reynolds Juggernaut
38%
Alexandra Shipp Storm
38%
Leslie Uggams Blind Al
31%
Fred Savage Himself
31%
Julian Dennison Russell Collins/Firefist
31%
Brad Pitt Vanisher
31%
Kodi Smit-McPhee Nightcrawler
23%
Terry Crews Bedlam
15%
Lewis Tan Shatterstar
15%
Eddie Marsan Headmaster
8%
Thayr Harris Sergei Valishnikov
8%
Bill Skarsgard Zeitgeist
8%
No matching quizzes found
Score Distribution
Percent of People with Each Score
Percentile by Number Answered
Your Score History
You have not taken this quiz